000
00263nam a22001217a 4500
008
170619b xxu||||| |||| 00| 0 eng d
041
_a
GER
080
_a
94
100
_a
18
101
_a
SHH
245
_a
DIE UKARINE IN EUROPA
_c
OSWALD.I
942
_2
udc
_c
BK
999
_c
18054
_d
18054